A Skunk and Badger Story: Egg Marks the Spot / (Record no. 49580)
| 000 -LEADER | |
|---|---|
| fixed length control field | 00528nam a2200145 4500 |
| 020 ## - INTERNATIONAL STANDARD BOOK NUMBER | |
| International Standard Book Number | 9781523526789 |
| 100 ## - MAIN ENTRY--PERSONAL NAME | |
| Personal name | Timberlake, Amy, |
| Relator term | author. |
| 9 (RLIN) | 86697 |
| 245 ## - TITLE STATEMENT | |
| Title | A Skunk and Badger Story: Egg Marks the Spot / |
| Remainder of title | by Amy Timberlake, Illustrated by Jon Klassen. |
| 260 ## - PUBLICATION, DISTRIBUTION, ETC. (IMPRINT) | |
| Place of publication, distribution, etc | New York, Boston ; |
| Name of publisher, distributor, etc | Little, Brown and Company : |
| Date of publication, distribution, etc | May 6, 2025. |
| 300 ## - PHYSICAL DESCRIPTION | |
| Extent | 176 pages. |
| Dimensions | 6 x 0.6 x 7.9 inches. |
| 490 ## - SERIES STATEMENT | |
| Series statement | A Skunk and Badger Story |
| Volume number/sequential designation | 2 |
| 650 ## - SUBJECT ADDED ENTRY--TOPICAL TERM | |
| 9 (RLIN) | 13270 |
| Topical term or geographic name as entry element | Friendship |
| General subdivision | Fiction. |
| 650 ## - SUBJECT ADDED ENTRY--TOPICAL TERM | |
| 9 (RLIN) | 29243 |
| Topical term or geographic name as entry element | Humorous stories. |
| 942 ## - ADDED ENTRY ELEMENTS (KOHA) | |
| Source of classification or shelving scheme | |
| Koha item type | Book |
| Withdrawn status | Lost status | Source of classification or shelving scheme | Damaged status | Not for loan | Home library | Current library | Date acquired | Total Checkouts | Full call number | Barcode | Date last seen | Date checked out | Price effective from | Koha item type |
|---|---|---|---|---|---|---|---|---|---|---|---|---|---|---|
| Logos International School | Logos International School | 09/19/2025 | 4 | J FIC TIM | 042992 | 01/08/2026 | 12/18/2025 | 09/19/2025 | Book |